Ballads of Tombstone's yesterdays, (Record no. 16675)
[ view plain ]
| 000 -LEADER | |
|---|---|
| fixed length control field | 00615cam a22002171 4500 |
| 001 - CONTROL NUMBER | |
| control field | ca 30000993 |
| 003 - CONTROL NUMBER IDENTIFIER | |
| control field | DLC |
| 005 - DATE AND TIME OF LATEST TRANSACTION | |
| control field | 20260227111123.0 |
| 008 - FIXED-LENGTH DATA ELEMENTS--GENERAL INFORMATION | |
| fixed length control field | 851010s1929 azuac 000 0 eng |
| 010 ## - LIBRARY OF CONGRESS CONTROL NUMBER | |
| LC control number | ca 30000993 |
| 035 ## - SYSTEM CONTROL NUMBER | |
| System control number | (OCoLC)12653739 |
| 040 ## - CATALOGING SOURCE | |
| Original cataloging agency | DLC |
| Transcribing agency | TxDaDF |
| Modifying agency | DLC |
| 042 ## - AUTHENTICATION CODE | |
| Authentication code | premarc |
| 050 00 - LIBRARY OF CONGRESS CALL NUMBER | |
| Classification number | PS3545.H5183 |
| Item number | B3 1929 |
| 082 0# - DEWEY DECIMAL CLASSIFICATION NUMBER | |
| Classification number | 811.5 |
| 100 1# - MAIN ENTRY--PERSONAL NAME | |
| Personal name | White, Edward P. |
| 245 10 - TITLE STATEMENT | |
| Title | Ballads of Tombstone's yesterdays, |
| Statement of responsibility, etc. | by Ned White ... |
| 260 ## - PUBLICATION, DISTRIBUTION, ETC. | |
| Place of publication, distribution, etc. | Bisbee, Ariz. |
| Name of publisher, distributor, etc. | [Press of F. A. McKinney] |
| Date of publication, distribution, etc. | c1929. |
| 300 ## - PHYSICAL DESCRIPTION | |
| Extent | 64 p. |
| Other physical details | illus. (incl. port.) |
| Dimensions | 15 cm. |
| 740 0# - ADDED ENTRY--UNCONTROLLED RELATED/ANALYTICAL TITLE | |
| Uncontrolled related/analytical title | Tombstone's yesterdays. |
No items available.